| 000 | 00566nam a2200193Ia 4500 | ||
|---|---|---|---|
| 005 | 20250508162119.0 | ||
| 008 | 008 250505s9999 xx 000 0 eng d | ||
| 037 | _aTextual | ||
| 040 |
_aFEDL _beng _cFEDL |
||
| 041 |
_aeng _2eng |
||
| 084 |
_a371.4, SIN _qFEDL |
||
| 100 |
_aDwarika Singh _9758554 |
||
| 245 | 0 | _aBunyadi shiksha me sumwaay | |
| 260 |
_aPatna, India _bMagad- Rajdhani- Prakashan _c1957 |
||
| 300 | _a227p. | ||
| 650 |
_aEducational - Guideance and Counseling _9757599 |
||
| 942 |
_cTEXL _h371.4, SIN |
||
| 999 |
_c1374459 _d1374459 |
||